000 01071cam a2200133 4500500
005 20251214002551.0
041 _afre
042 _adc
100 1 0 _aAdam, Jean-Michel
_eauthor
245 0 0 _aLes Textes : types et prototypes
260 _bArmand Colin,
_c2017.
520 _aCe manuel de référence a été actualisé pour suivre les recherches les plus récentes dans son domaine. Afin de dépasser la complexité d’une typologie des textes, l’auteur isole des segments de petite taille, généralement composés de plusieurs phrases : les séquences. S’appuyant sur de nombreux exemples et illustrant son propos de schémas, il analyse les caractéristiques de cinq prototypes de séquences : narratif, descriptif, argumentatif, explicatif et dialogal. Son travail prend en compte l’évolution des recherches en didactique du français et des langues étrangères ainsi qu’en linguistique du discours et analyse littéraire.
856 4 1 _uhttps://shs.cairn.info/les-textes-types-et-prototypes--9782200617288?lang=fr&redirect-ssocas=7080
999 _c1567109
_d1567109